Music Quiz

Random Music Quiz

The answers are blowin' in the wind Quiz Stats

 Plays Quiz not verified by Sporcle

Challenge
Share
Tweet
Embed
Score 0/9 Timer 06:00
0 Plays Today
How many...? Question % Correct
How many...roads must a man walk down before you can call him a man?
73.1%
How many...seas must a white dove sail before she sleeps in the sand?
34.6%
How many...deaths will it take till' he knows that too many people have died?
26.9%
How many...ears must one man have before he can hear people cry?
23.1%
How many...times must the cannonballs fly before they're forever banned?
15.4%
How many...years can some people exist before they're allowed to be free?
11.5%
How many...times must a man look up before he can see the sky?
11.5%
How many...years can a mountain exist before it's washed to the sea?
7.7%
How many...times can a man turn his head pretending he just doesn't see?
7.7%

You're not logged in!

Compare scores with friends on all Sporcle quizzes.
OR
Log In

You Might Also Like...

Show Comments

Extras

Created Feb 22, 2010SourceReportNominate
Tags:wind

Top Quizzes Today


Score Distribution

Your Account Isn't Verified!

In order to create a playlist on Sporcle, you need to verify the email address you used during registration. Go to your Sporcle Settings to finish the process.

Report this User

Report this user for behavior that violates our Community Guidelines.

Details: